| 000 | 00431nam a22001697a 4500 | ||
|---|---|---|---|
| 003 | OSt | ||
| 008 | 230510b |||||||| |||| 00| 0 eng d | ||
| 020 | _a9789393159212 | ||
| 041 | _aeng | ||
| 082 |
_a628.1 _bPAT/WA |
||
| 100 |
_aPatel, A.S _95462 |
||
| 245 |
_aWater management: _bConservation,Harvesting and Artificial recharge |
||
| 250 | _I2nd | ||
| 260 |
_aLondon _CNew age international _c2022 |
||
| 300 | _a340 | ||
| 942 | _cBK | ||
| 999 |
_c17695 _d17695 |
||